[Event "Pan American-ch U20 Girls"]
[Site "Guatape"]
[Date "2016.06.24"]
[Round "8"]
[White "Velasquez, Angie Gabriela"]
[Black "Sanchez Zambrano, Vanessa"]
[Result "1/2-1/2"]
[WhiteElo "1736"]
[BlackElo "1909"]
[PlyCount "71"]
[EventDate "2016.06.20"]
[EventType "swiss"]
[EventRounds "9"]
[EventCountry "COL"]
[SourceTitle "EXT 2017"]
[Source "ChessBase"]
[SourceDate "2016.10.25"]
[SourceVersion "1"]
[SourceVersionDate "2016.10.25"]
[SourceQuality "1"]

1. e4 c5 2. d3 d5 3. Nd2 Nc6 4. g3 Nf6 5. Bg2 Bg4 6. Ngf3 e5 7. 0-0 Be7 8. Re1 0-0 9. h3 Bxf3 10. Bxf3 Qd7 11. exd5 Nxd5 12. a3 Rad8 13. Nf1 Bf6 14. Rb1 Qc7 15. Ne3 Nxe3 16. Bxe3 c4 17. Qe2 cxd3 18. cxd3 Nd4 19. Bxd4 Rxd4 20. h4 Qd7 21. Red1 Re8 22. Rbc1 g6 23. b4 Rd8 24. Qa2 Be7 25. Be2 a5 26. Rc4 axb4 27. axb4 b5 28. Rxd4 Qxd4 29. Qa5 Qxb4 30. Qxb4 Bxb4 31. d4 exd4 32. Bxb5 Bc3 33. Be2 Rb8 34. h5 Kf8 35. hxg6 hxg6 36. Bd3 1/2-1/2

[Event "PER-ch U20"]
[Site "Lima"]
[Date "2016.04.21"]
[Round "4"]
[White "Sanchez Zambrano, Vanessa"]
[Black "Zena Mera, Gianpierre"]
[Result "1-0"]
[WhiteElo "1903"]
[BlackElo "1648"]
[PlyCount "43"]
[EventDate "2016.04.20"]
[EventType "swiss"]
[EventRounds "9"]
[EventCountry "PER"]
[SourceTitle "CBM 172 Extra"]
[Source "ChessBase"]
[SourceDate "2016.06.21"]
[SourceVersion "1"]
[SourceVersionDate "2016.06.21"]
[SourceQuality "1"]

1. d4 e6 2. c4 f5 3. g3 Nf6 4. Bg2 c6 5. Nf3 d5 6. 0-0 Bd6 7. b3 Qe7 8. a4 0-0 9. Ba3 Bxa3 10. Nxa3 Nbd7 11. Nc2 c5 12. cxd5 Nxd5 13. dxc5 Nxc5 14. Ncd4 Nc3 15. Qd2 N5e4 16. Qb2 Nd5 17. Ne5 Bd7 18. Rfd1 Nef6 19. Nxf5 exf5 20. Bxd5+ Nxd5 21. Rxd5 Be6 22. Rd3 1-0

[Event "PER-ch (Women)"]
[Site "Lima"]
[Date "2015.05.02"]
[Round "5"]
[White "Sanchez Zambrano, Vanessa"]
[Black "Chumpitaz Carbajal, Ann"]
[Result "1-0"]
[WhiteElo "1932"]
[BlackElo "2266"]
[PlyCount "115"]
[EventDate "2015.04.30"]
[EventType "swiss"]
[EventRounds "8"]
[EventCountry "PER"]
[SourceTitle "CBM 166 Extra"]
[Source "ChessBase"]
[SourceDate "2015.06.18"]
[SourceVersion "1"]
[SourceVersionDate "2015.06.18"]
[SourceQuality "1"]

1. d4 Nf6 2. c4 g6 3. Nc3 Bg7 4. e4 d6 5. Nf3 0-0 6. Be2 e5 7. 0-0 Na6 8. Be3 Ng4 9. Bg5 Qe8 10. h3 h6 11. Bh4 exd4 12. Nxd4 Nf6 13. Bf3 Be6 14. Qe2 Nd7 15. Nxe6 Qxe6 16. e5 Bxe5 17. Bxb7 Bxc3 18. Qxe6 fxe6 19. bxc3 Nac5 20. Bxa8 Rxa8 21. f3 Ne5 22. Bf2 Na4 23. c5 Nxc3 24. cxd6 cxd6 25. Rfe1 Nd5 26. Bg3 Rc8 27. Bxe5 dxe5 28. Rxe5 Nf4 29. Re4 e5 30. Rd1 Rc2 31. Rd7 Rxg2+ 32. Kf1 Rxa2 33. Rxe5 Ra1+ 34. Kf2 Ra2+ 35. Ke3 Ng2+ 36. Kd3 Kf8 37. Rb5 Ne1+ 38. Ke3 Ng2+ 39. Ke4 Re2+ 40. Kd3 Nf4+ 41. Kc3 Nxh3 42. Rxa7 Re7 43. Ra6 Kf7 44. Rbb6 h5 45. Rxg6 Re3+ 46. Kd4 Rxf3 47. Rh6 Rf5 48. Ra7+ Kg8 49. Rhh7 Ng5 50. Rh6 Nf7 51. Re6 Kg7 52. Raa6 Rf4+ 53. Ke3 Rf1 54. Rg6+ Kf8 55. Ra5 h4 56. Rh5 Ke7 57. Rxh4 Rf6 58. Re4+ 1-0

[Event "Pan American-ch U18 Girls"]
[Site "Oaxtepec"]
[Date "2014.07.15"]
[Round "7"]
[White "Davila Serrano, Diana"]
[Black "Sanchez Zambrano, Vanessa"]
[Result "0-1"]
[WhiteElo "1819"]
[BlackElo "1916"]
[PlyCount "76"]
[EventDate "2014.07.11"]
[EventType "swiss"]
[EventRounds "9"]
[EventCountry "MEX"]
[SourceTitle "EXT 2022"]
[Source "ChessBase"]
[SourceDate "2021.10.06"]
[SourceVersion "1"]
[SourceVersionDate "2021.10.06"]
[SourceQuality "1"]

1. e4 c5 2. Nf3 d6 3. d4 cxd4 4. Nxd4 Nf6 5. f3 e6 6. Nc3 Nc6 7. Bb5 Bd7 8. Be3 a6 9. Be2 b5 10. a3 Rc8 11. g4 h6 12. h4 Be7 13. f4 d5 14. e5 Ne4 15. Nxe4 dxe4 16. h5 Nxd4 17. Bxd4 Bc6 18. 0-0 Bd5 19. b4 f5 20. exf6 Bxf6 21. c3 0-0 22. a4 Rxc3 23. Bxc3 Bxc3 24. Rc1 Qb6+ 25. Kh2 Qe3 26. axb5 Bxb4 27. Kg2 Bb3 28. Rc2 Bxc2 29. Qxc2 axb5 30. Bxb5 Rd8 31. Rf2 Be1 32. Re2 Qf3+ 33. Kg1 Qxg4+ 34. Kf1 Bh4 35. Bd7 Rxd7 36. Qc8+ Rd8 37. Qc2 Qxf4+ 38. Kg1 Qg4+ 0-1

[Event "American Continental (Women) 07th"]
[Site "Buenos Aires"]
[Date "2014.03.22"]
[Round "2"]
[White "Vargas, Gabriela"]
[Black "Sanchez Zambrano, Vanessa"]
[Result "1-0"]
[WhiteElo "2143"]
[BlackElo "1913"]
[PlyCount "123"]
[EventDate "2014.03.21"]
[EventType "swiss"]
[EventRounds "9"]
[EventCountry "ARG"]
[SourceTitle "CBM 159 Extra"]
[Source "ChessBase"]
[SourceDate "2014.04.24"]
[SourceVersion "1"]
[SourceVersionDate "2014.04.24"]
[SourceQuality "1"]

1. d4 Nf6 2. Nf3 g6 3. Bg5 Bg7 4. Nbd2 d5 5. e3 0-0 6. Bd3 c5 7. c3 b6 8. 0-0 Bb7 9. b4 Ne4 10. Bf4 Nxc3 11. Qb3 cxb4 12. Qxb4 Ne4 13. Rfc1 Nc6 14. Qa4 Nxd2 15. Nxd2 e5 16. dxe5 Nxe5 17. Ba6 Qe7 18. Rab1 Rac8 19. Bxe5 Bxe5 20. Nf3 Bg7 21. Bxb7 Qxb7 22. h3 Rfe8 23. Rxc8 Rxc8 24. Rd1 b5 25. Qb3 Rc4 26. Qd3 Rc5 27. Nd4 b4 28. Nb3 Rb5 29. Nd4 Rb6 30. Rc1 Bf6 31. Qd1 Qd7 32. Rc2 Bxd4 33. Qxd4 Rb5 34. Qf6 Rb6 35. Qe5 Rd6 36. Rc5 a6 37. Qd4 Qe6 38. Qxb4 Kg7 39. Qd4+ Kg8 40. a4 Qf5 41. e4 Qd7 42. Rxd5 Rxd5 43. exd5 Qd6 44. f4 f6 45. a5 Kf7 46. Qa7+ Qe7 47. Qxa6 Qe3+ 48. Kh1 Qc1+ 49. Kh2 Qxf4+ 50. Kg1 Qc1+ 51. Kf2 Qd2+ 52. Qe2 Qxd5 53. a6 Qf5+ 54. Kg3 g5 55. Qa2+ Kg7 56. Kh2 Qe5+ 57. g3 Qe4 58. a7 Qa8 59. Qa5 Kg6 60. g4 h6 61. Kg1 Kg7 62. Qc7+ 1-0

[Event "Lima Circulo Peruano 5th"]
[Site "Lima"]
[Date "2014.02.18"]
[Round "2"]
[White "Torres, Piero"]
[Black "Sanchez Zambrano, Vanessa"]
[Result "0-1"]
[WhiteElo "1523"]
[BlackElo "1913"]
[PlyCount "48"]
[EventDate "2014.02.17"]
[EventType "swiss"]
[EventRounds "7"]
[EventCountry "PER"]
[SourceTitle "CBM 159 Extra"]
[Source "ChessBase"]
[SourceDate "2014.04.24"]
[SourceVersion "1"]
[SourceVersionDate "2014.04.24"]
[SourceQuality "1"]

1. e4 c5 2. Nf3 d6 3. d4 cxd4 4. Nxd4 Nf6 5. f3 a6 6. c4 e6 7. Be3 Be7 8. Nc3 Nbd7 9. Be2 Qc7 10. 0-0 0-0 11. Rc1 b6 12. b3 Bb7 13. Qe1 Rac8 14. Qf2 Qb8 15. Rfd1 Qa8 16. Bf1 d5 17. cxd5 exd5 18. exd5 Ba3 19. Rc2 Nxd5 20. Nxd5 Bxd5 21. Rxc8 Rxc8 22. Nf5 Qc6 23. Ne7+ Bxe7 24. Rc1 Qb7 0-1

[Event "Pan American-ch U20 Girls"]
[Site "Bogota"]
[Date "2013.07.13"]
[Round "7"]
[White "Sanchez Zambrano, Vanessa"]
[Black "Chirivi Castiblanco, Angie Lizeth"]
[Result "1-0"]
[WhiteElo "1927"]
[BlackElo "2032"]
[PlyCount "109"]
[EventDate "2013.07.10"]
[EventType "swiss"]
[EventRounds "9"]
[EventCountry "COL"]
[SourceTitle "CBM 155 Extra"]
[Source "ChessBase"]
[SourceDate "2013.08.26"]
[SourceVersion "1"]
[SourceVersionDate "2013.08.26"]
[SourceQuality "1"]

1. d4 Nf6 2. c4 g6 3. Nc3 d5 4. cxd5 Nxd5 5. Na4 Bg7 6. e4 Nb6 7. Be3 0-0 8. Nf3 Bg4 9. Nc5 Qc8 10. h3 Bxf3 11. Qxf3 N8d7 12. Rc1 c6 13. Be2 Nxc5 14. Rxc5 Qe6 15. b3 Rad8 16. e5 Kh8 17. 0-0 f6 18. Qg3 Nd5 19. f4 fxe5 20. dxe5 b6 21. Rcc1 c5 22. Bg4 Qc6 23. h4 a5 24. a4 Nb4 25. Rfd1 Qe4 26. Qf3 Qxf3 27. Bxf3 Bh6 28. g3 Rd3 29. Rxd3 Nxd3 30. Rd1 Nxe5 31. Kf2 Nxf3 32. Kxf3 Rf6 33. Rd8+ Bf8 34. Bd2 Kg8 35. Bc3 Re6 36. Be5 Kf7 37. Ke4 Bg7 38. Kd5 Bxe5 39. fxe5 g5 40. Rf8+ Kxf8 41. Kxe6 gxh4 42. gxh4 Ke8 43. h5 Kf8 44. Kd7 Kf7 45. h6 e6 46. Kc6 Kg6 47. Kxb6 Kxh6 48. Kxc5 Kg5 49. b4 axb4 50. Kxb4 Kf5 51. a5 Kxe5 52. a6 Kf4 53. a7 h5 54. a8Q e5 55. Qg2 1-0

[Event "Pan American-ch U20 Girls"]
[Site "Bogota"]
[Date "2013.07.12"]
[Round "5"]
[White "Castro, Natalia Patricia"]
[Black "Sanchez Zambrano, Vanessa"]
[Result "0-1"]
[WhiteElo "2001"]
[BlackElo "1927"]
[PlyCount "54"]
[EventDate "2013.07.10"]
[EventType "swiss"]
[EventRounds "9"]
[EventCountry "COL"]
[SourceTitle "CBM 155 Extra"]
[Source "ChessBase"]
[SourceDate "2013.08.26"]
[SourceVersion "1"]
[SourceVersionDate "2013.08.26"]
[SourceQuality "1"]

1. d4 Nf6 2. Nf3 g6 3. Nc3 Bg7 4. e4 d6 5. h3 0-0 6. Be2 c5 7. 0-0 cxd4 8. Nxd4 Nc6 9. Nb3 b6 10. f4 Bb7 11. Bf3 Rc8 12. Qe2 Nd7 13. Rd1 Qe8 14. Bg4 h5 15. Bxd7 Qxd7 16. e5 Qe6 17. exd6 Qxe2 18. Nxe2 exd6 19. Rxd6 Rfe8 20. Rd2 a5 21. a4 h4 22. Kf2 Re4 23. c3 Rce8 24. Nbd4 Nxd4 25. Nxd4 Bxd4+ 26. cxd4 Rxf4+ 27. Kg1 Re1+ 0-1

[Event "Pan American-ch (Women)"]
[Site "Montevideo"]
[Date "2012.11.27"]
[Round "6"]
[White "Fierro Baquero, Martha Lorena"]
[Black "Sanchez Zambrano, Vanessa"]
[Result "1-0"]
[WhiteElo "2364"]
[BlackElo "1942"]
[PlyCount "99"]
[EventDate "2012.11.24"]
[EventType "swiss"]
[EventRounds "9"]
[EventCountry "URU"]
[SourceTitle "CBM 151 Extra"]
[Source "ChessBase"]
[SourceDate "2012.12.18"]
[SourceVersion "1"]
[SourceVersionDate "2012.12.18"]
[SourceQuality "1"]

1. c4 Nf6 2. g3 g6 3. Bg2 Bg7 4. Nc3 0-0 5. d3 d6 6. Nf3 c6 7. 0-0 e5 8. Rb1 Nbd7 9. b4 Qe7 10. Nd2 c5 11. bxc5 Nxc5 12. Nb5 Rd8 13. Nb3 Bf5 14. Ba3 Nfd7 15. Nc7 Rac8 16. Nd5 Qe6 17. Nxc5 Nxc5 18. Bxc5 dxc5 19. Rxb7 Rd7 20. Qb3 Rcd8 21. e4 Bh3 22. Rxd7 Qxd7 23. Bxh3 Qxh3 24. Rb1 Qg4 25. Qb8 Qd1+ 26. Rxd1 Rxb8 27. Rd2 Kf8 28. Kf1 Ke8 29. Ke2 Kd7 30. Rc2 h5 31. Kf3 Bf8 32. Rc3 Bd6 33. Ra3 Rb7 34. Ke3 Kc8 35. f4 Kd7 36. Nc3 Bb8 37. Nb5 exf4+ 38. gxf4 Ke7 39. Ra6 Rd7 40. Nc3 Rb7 41. Nd5+ Kd7 42. Rf6 Kd8 43. e5 g5 44. Rh6 gxf4+ 45. Kxf4 Rb1 46. Rh8+ Kd7 47. Nf6+ Kc7 48. Rf8 Rf1+ 49. Ke4 Re1+ 50. Kd5 1-0

[Event "Olympiad Women-40"]
[Site "Istanbul"]
[Date "2012.09.06"]
[Round "9.4"]
[White "Sanchez Zambrano, Vanessa"]
[Black "Martinez, Ayelen"]
[Result "1/2-1/2"]
[WhiteElo "1858"]
[BlackElo "2095"]
[PlyCount "132"]
[EventDate "2012.08.28"]
[EventType "team-swiss"]
[EventRounds "11"]
[EventCountry "TUR"]
[SourceTitle "CBM 150 Extra"]
[Source "ChessBase"]
[SourceDate "2012.10.19"]
[SourceVersion "1"]
[SourceVersionDate "2012.10.19"]
[SourceQuality "1"]
[WhiteTeam "Peru (W)"]
[BlackTeam "Argentina (W)"]
[WhiteTeamCountry "PER"]
[BlackTeamCountry "ARG"]

1. d4 Nf6 2. c4 g6 3. Nc3 Bg7 4. e4 d6 5. Nf3 0-0 6. Be2 e5 7. 0-0 Nc6 8. d5 Ne7 9. a4 a5 10. Ne1 Ne8 11. Nd3 f5 12. f3 f4 13. b3 g5 14. Ba3 h5 15. c5 Rf6 16. Rc1 Rg6 17. Nf2 Kh8 18. Nb5 Ng8 19. Rc3 Nh6 20. cxd6 cxd6 21. h3 Bd7 22. Qc2 Qb6 23. Kh1 Bf6 24. Nc7 Nxc7 25. Rxc7 Rg7 26. Rc3 Rh7 27. Bb5 Bxb5 28. axb5 Qxb5 29. Rc8+ Rxc8 30. Qxc8+ Ng8 31. Rc1 Qb6 32. Nd3 Qxb3 33. Bxd6 Qxd3 34. Qe6 g4 35. Bxe5 Rh6 36. Bxf4 gxf3 37. Bxh6 fxg2+ 38. Kh2 Qf3 39. Qf5 Qxf5 40. exf5 Nxh6 41. Rc8+ Ng8 42. Kxg2 b5 43. d6 a4 44. d7 a3 45. Ra8 b4 46. Ra4 Nh6 47. Rxb4 Nf7 48. Ra4 Be7 49. f6 Bf8 50. Ra8 Kg8 51. Kf2 a2 52. Rxa2 Bc5+ 53. Kg3 Kh7 54. Ra8 Bb6 55. Kf4 Kg6 56. Ra6 Bd8 57. Ke4 Bxf6 58. Kd5 Kg7 59. Re6 Nd8 60. Re8 Kf7 61. Kd6 Bg5 62. Rh8 h4 63. Kc7 Ne6+ 64. Kc8 Bf6 65. Re8 Bg5 66. Rh8 Bf6 1/2-1/2